[Event "XI GRAN TORNEO INTERNACIONAL AFICIONADOS"]
[Site "Benidorm (Alicante - SPAIN)"]
[Date "2012.12.07"]
[Round "9"]
[White "Megias Ortiz, Vicente Manuel"]
[Black "Vicente Torrecillas, Fco Javie"]
[Result "0-1"]
[WhiteElo "2081"]
[BlackElo "2006"]
[PlyCount "58"]
[EventDate "2012.11.30"]
[EventRounds "10"]
[EventCountry "ESP"]

1. d4 d5 2. Bf4 Nf6 3. e3 c6 4. Bd3 Bg4 5. f3 Bh5 6. c3 Bg6 7. Be2 Nbd7 8. g4
h6 9. Nd2 e6 10. Nh3 Nb6 11. a4 Bd6 12. a5 Nc8 13. b4 Nd7 14. Bxd6 Nxd6 15. f4
Be4 16. Bf3 Qh4+ 17. Nf2 Nf6 18. h3 Nc4 19. Nxc4 dxc4 20. Kf1 Nd5 21. Nxe4
Nxe3+ 22. Ke2 Nxd1 23. Raxd1 Rd8 24. Nc5 b6 25. Bxc6+ Ke7 26. axb6 axb6 27. Na4
Qg3 28. b5 Ra8 29. Ra1 Rxa4 0-1

[Event "XI GRAN TORNEO INTERNACIONAL AFICIONADOS"]
[Site "Benidorm (Alicante - SPAIN)"]
[Date "2012.12.07"]
[Round "9"]
[White "Pique Safont, Joan Manel"]
[Black "Obers, Frits"]
[Result "1/2-1/2"]
[WhiteElo "2017"]
[BlackElo "2069"]
[PlyCount "38"]
[EventDate "2012.11.30"]
[EventRounds "10"]
[EventCountry "ESP"]

1. d3 c5 2. a3 g6 3. g3 Bg7 4. Bg2 Nc6 5. Nf3 e5 6. e4 Nge7 7. O-O O-O 8. Be3
d6 9. Qd2 f5 10. Bh6 f4 11. Bxg7 Kxg7 12. b4 Bg4 13. c3 Qd7 14. Qb2 Bxf3 15.
Bxf3 g5 16. Qe2 Ng8 17. Bg4 Qf7 18. Nd2 Nf6 19. f3 Nxg4 1/2-1/2

[Event "XI GRAN TORNEO INTERNACIONAL AFICIONADOS"]
[Site "Benidorm (Alicante - SPAIN)"]
[Date "2012.12.07"]
[Round "9"]
[White "Castellanos Bogalo, Antonio"]
[Black "Jove Grau, Lluis"]
[Result "1-0"]
[WhiteElo "2091"]
[BlackElo "2217"]
[PlyCount "45"]
[EventDate "2012.11.30"]
[EventRounds "10"]
[EventCountry "ESP"]

1. e4 c5 2. Nf3 a6 3. d4 cxd4 4. c3 dxc3 5. Nxc3 e6 6. Bc4 d6 7. O-O Ne7 8. Bf4
Ng6 9. Bg3 Be7 10. Qe2 b5 11. Bb3 Ra7 12. Rfd1 Rd7 13. Nd4 e5 14. Nf5 O-O 15.
Nd5 Bb7 16. Ndxe7+ Nxe7 17. Bh4 Qc7 18. Rac1 Nbc6 19. Bxe7 Rxe7 20. Qg4 g6 21.
Rxd6 Rd8 22. Nxe7+ Qxe7 23. Rdxc6 1-0

[Event "XI GRAN TORNEO INTERNACIONAL AFICIONADOS"]
[Site "Benidorm (Alicante - SPAIN)"]
[Date "2012.12.07"]
[Round "9"]
[White "Parals Marce, Luis"]
[Black "Monmeneu Chulia, Victor"]
[Result "1/2-1/2"]
[WhiteElo "2000"]
[BlackElo "2140"]
[PlyCount "38"]
[EventDate "2012.11.30"]
[EventRounds "10"]
[EventCountry "ESP"]

1. d4 Nf6 2. Nf3 d6 3. e3 Bf5 4. c4 g6 5. Be2 Bg7 6. O-O O-O 7. Nc3 Nc6 8. a3
e5 9. b4 exd4 10. exd4 Ne4 11. Bb2 Nxc3 12. Bxc3 d5 13. b5 Nb8 14. c5 Nd7 15.
c6 bxc6 16. bxc6 Nb6 17. Ne5 Re8 18. a4 f6 19. Nd3 Nc4 1/2-1/2

[Event "XI GRAN TORNEO INTERNACIONAL AFICIONADOS"]
[Site "Benidorm (Alicante - SPAIN)"]
[Date "2012.12.07"]
[Round "9"]
[White "Skagseth, Havard M"]
[Black "Jensen, Stein"]
[Result "1/2-1/2"]
[WhiteElo "1875"]
[BlackElo "2114"]
[PlyCount "34"]
[EventDate "2012.11.30"]
[EventRounds "10"]
[EventCountry "ESP"]

1. e4 g6 2. d4 Bg7 3. c4 c5 4. d5 d6 5. Bd3 b5 6. cxb5 Nf6 7. Nc3 a6 8. Nf3 O-O
9. O-O axb5 10. Bxb5 Ba6 11. Qe2 Nfd7 12. Bg5 Bxb5 13. Nxb5 Nb6 14. a4 Rxa4 15.
Rxa4 Nxa4 16. b4 cxb4 17. Qc4 Nb6 1/2-1/2

[Event "XI GRAN TORNEO INTERNACIONAL AFICIONADOS"]
[Site "Benidorm (Alicante - SPAIN)"]
[Date "2012.12.07"]
[Round "9"]
[White "Bilquez, Romain"]
[Black "Blazquez Gomez, Miguel"]
[Result "1-0"]
[WhiteElo "2105"]
[BlackElo "2020"]
[PlyCount "41"]
[EventDate "2012.11.30"]
[EventRounds "10"]
[EventCountry "ESP"]

1. e4 Nc6 2. d4 d5 3. Nc3 e6 4. Nf3 Nf6 5. e5 Ne4 6. a3 f5 7. exf6 Nxf6 8. Bd3
Bd6 9. Bg5 O-O 10. O-O Qe8 11. Nb5 Qh5 12. Nxd6 cxd6 13. Be3 e5 14. Be2 Qg6 15.
c4 dxc4 16. Bxc4+ Kh8 17. dxe5 dxe5 18. Bc5 Rd8 19. Nxe5 Nxe5 20. Qxd8+ Ne8 21.
Qe7 1-0

[Event "XI GRAN TORNEO INTERNACIONAL AFICIONADOS"]
[Site "Benidorm (Alicante - SPAIN)"]
[Date "2012.12.07"]
[Round "9"]
[White "Sabater Sanchez, Asensio"]
[Black "Alonso Jimenez, Joan"]
[Result "1-0"]
[WhiteElo "2141"]
[BlackElo "1948"]
[PlyCount "45"]
[EventDate "2012.11.30"]
[EventRounds "10"]
[EventCountry "ESP"]

1. b3 Nf6 2. Bb2 d5 3. Nf3 c5 4. e3 Nc6 5. c4 d4 6. exd4 cxd4 7. b4 e5 8. b5 e4
9. bxc6 exf3 10. Qxf3 Bg4 11. Qd3 Bc5 12. f3 Be6 13. cxb7 Rb8 14. Ba3 Qb6 15.
Be2 Rxb7 16. Bxc5 Qxc5 17. O-O Rxb1 18. Rfxb1 Bf5 19. Rb5 Qxb5 20. cxb5 Bxd3
21. Bxd3 Kd7 22. Rc1 g6 23. Rc4 1-0

[Event "XI GRAN TORNEO INTERNACIONAL AFICIONADOS"]
[Site "Benidorm (Alicante - SPAIN)"]
[Date "2012.12.07"]
[Round "9"]
[White "Arroyo Salido, Marcelino-Eudor"]
[Black "Picazo Gonzalez, Ana"]
[Result "1-0"]
[WhiteElo "2043"]
[BlackElo "1736"]
[PlyCount "37"]
[EventDate "2012.11.30"]
[EventRounds "10"]
[EventCountry "ESP"]

1. d4 e6 2. Nf3 d5 3. c4 c5 4. e3 Nc6 5. a3 a6 6. Nc3 Nf6 7. h3 cxd4 8. exd4
dxc4 9. Bxc4 b5 10. Ba2 Bb7 11. O-O Be7 12. Bg5 O-O 13. Rc1 Qd7 14. d5 Nxd5 15.
Nxd5 exd5 16. Bxd5 Bxg5 17. Nxg5 Rad8 18. Qc2 g6 19. Bxc6 1-0

[Event "XI GRAN TORNEO INTERNACIONAL AFICIONADOS"]
[Site "Benidorm (Alicante - SPAIN)"]
[Date "2012.12.07"]
[Round "9"]
[White "Lada, Ireneusz"]
[Black "Gromovs, Sergejs"]
[Result "0-1"]
[WhiteElo "2003"]
[BlackElo "2215"]
[PlyCount "29"]
[EventDate "2012.11.30"]
[EventRounds "10"]
[EventCountry "ESP"]

1. c4 c5 2. Nf3 Nf6 3. Nc3 Nc6 4. d4 cxd4 5. Nxd4 g6 6. Nc2 Bg7 7. g3 O-O 8.
Bg2 d6 9. O-O d5 10. Nxd5 Nxd5 11. cxd5 Ne5 12. Bd2 Qb6 13. Bc3 Bf5 14. e4 Bg4
15. Qd2 0-1

[Event "XI GRAN TORNEO INTERNACIONAL AFICIONADOS"]
[Site "Benidorm (Alicante - SPAIN)"]
[Date "2012.12.07"]
[Round "9"]
[White "Ridameya Tatche, Jose Miguel"]
[Black "Rizza, Francesco"]
[Result "1-0"]
[WhiteElo "1988"]
[BlackElo "2040"]
[PlyCount "33"]
[EventDate "2012.11.30"]
[EventRounds "10"]
[EventCountry "ESP"]

1. e4 e6 2. c4 c5 3. Nc3 Nc6 4. g3 g6 5. h4 Bg7 6. h5 Nge7 7. d3 Qa5 8. Bd2 Qc7
9. Nf3 O-O 10. Qc1 Re8 11. Bh6 Bh8 12. Ng5 b6 13. Nxh7 Kxh7 14. hxg6+ Kg8 15.
g7 Ng6 16. gxh8=Q+ Nxh8 17. Bg7 1-0

[Event "XI GRAN TORNEO INTERNACIONAL AFICIONADOS"]
[Site "Benidorm (Alicante - SPAIN)"]
[Date "2012.12.07"]
[Round "9"]
[White "Carrera Ruano, Luis Javier"]
[Black "Cemborain Oricain, Alfonso"]
[Result "1/2-1/2"]
[WhiteElo "2003"]
[BlackElo "1944"]
[PlyCount "41"]
[EventDate "2012.11.30"]
[EventRounds "10"]
[EventCountry "ESP"]

1. d4 d5 2. Nf3 Nf6 3. e3 c6 4. Bd3 Bg4 5. Nbd2 e6 6. b3 Bd6 7. Bb2 Nbd7 8. c4
O-O 9. h3 Bh5 10. Qe2 Bg6 11. Ne5 Bxd3 12. Qxd3 Ne8 13. cxd5 exd5 14. O-O Nc7
15. Qf5 Nb6 16. Ndf3 f6 17. Nd3 Qe7 18. Nd2 Rae8 19. Rac1 Nd7 20. Rc2 Ne6 21.
Rfc1 1/2-1/2

[Event "XI GRAN TORNEO INTERNACIONAL AFICIONADOS"]
[Site "Benidorm (Alicante - SPAIN)"]
[Date "2012.12.08"]
[Round "10"]
[White "Tejedor Fuentes, Enrique"]
[Black "Suarez Uriel, Adrian"]
[Result "0-1"]
[WhiteElo "2297"]
[BlackElo "2241"]
[PlyCount "88"]
[EventDate "2012.11.30"]
[EventRounds "10"]
[EventCountry "ESP"]

1. e4 c5 2. Nc3 Nc6 3. g3 g6 4. Bg2 Bg7 5. d3 Rb8 6. Be3 d6 7. Qd2 b5 8. Nge2
b4 9. Nd1 e5 10. O-O Nf6 11. h3 Nd4 12. f4 Nxe2+ 13. Qxe2 exf4 14. gxf4 Nh5 15.
Kh2 Qh4 16. Qf3 O-O 17. Qf2 Qxf2 18. Rxf2 Bh6 19. a3 b3 20. c4 Re8 21. Nc3 a6
22. Rd1 Be6 23. Bd2 Bg7 24. Rdf1 Bd4 25. Re2 g5 26. f5 Be5+ 27. Kg1 Bd7 28. Rf3
f6 29. Bf1 Kf7 30. Be1 Nf4 31. Ref2 Bd4 32. Kh1 Bxf5 33. Rxf4 gxf4 34. Rxf4 Be6
35. Nd1 Rg8 36. Bf2 Be5 37. Rf3 Rg6 38. d4 cxd4 39. Bd3 a5 40. Bf1 a4 41. Bd3
Rc8 42. Be1 Bxc4 43. Nf2 Rg3 44. Bxc4+ Rxc4 0-1

[Event "XI GRAN TORNEO INTERNACIONAL AFICIONADOS"]
[Site "Benidorm (Alicante - SPAIN)"]
[Date "2012.12.08"]
[Round "10"]
[White "Ballesteros Gonzalez, David"]
[Black "Ustianovich, Nazar"]
[Result "0-1"]
[WhiteElo "2215"]
[BlackElo "2264"]
[PlyCount "78"]
[EventDate "2012.11.30"]
[EventRounds "10"]
[EventCountry "ESP"]

1. d4 d5 2. Nf3 Nf6 3. Bf4 c5 4. dxc5 e6 5. b4 a5 6. Bxb8 Rxb8 7. c3 axb4 8.
cxb4 b6 9. Qa4+ Nd7 10. Nbd2 bxc5 11. b5 Be7 12. e3 O-O 13. Be2 Bb7 14. Qc2 e5
15. O-O e4 16. Ne1 f5 17. f4 Bf6 18. Rb1 d4 19. Kh1 d3 20. Qb3+ Kh8 21. Bd1 Nb6
22. a4 c4 23. Qa3 c3 24. Nb3 Nc4 25. Qc5 Qd5 26. Rf2 Rfd8 27. a5 Qxc5 28. Nxc5
Nxe3 29. a6 Nxd1 30. Rxd1 c2 31. Nxc2 dxc2 32. Rg1 Bd5 33. Rxc2 Rxb5 34. Rd1
Rc8 35. h3 Rbxc5 36. Rxc5 Rxc5 37. a7 Ba8 38. Rb1 Rc8 39. Rb8 Rd8 0-1

[Event "XI GRAN TORNEO INTERNACIONAL AFICIONADOS"]
[Site "Benidorm (Alicante - SPAIN)"]
[Date "2012.12.08"]
[Round "10"]
[White "Martin Rueda, Daniel"]
[Black "Parligras, Cosmin"]
[Result "1/2-1/2"]
[WhiteElo "2290"]
[BlackElo "2298"]
[PlyCount "65"]
[EventDate "2012.11.30"]
[EventRounds "10"]
[EventCountry "ESP"]

1. d4 d5 2. Nf3 Nf6 3. c4 c6 4. Nc3 a6 5. e3 b5 6. b3 Bg4 7. h3 Bxf3 8. Qxf3 e6
9. Bd3 Bb4 10. Bd2 Qa5 11. Rc1 Bxc3 12. Bxc3 Qxa2 13. Qd1 bxc4 14. bxc4 dxc4
15. Bb1 Qb3 16. Qd2 Nd5 17. O-O Nxc3 18. Rxc3 Qb4 19. Qc2 g6 20. Rxc4 Qd6 21.
Qb2 O-O 22. Qb7 Nd7 23. Rxc6 Qd5 24. Qc7 Nf6 25. Bd3 a5 26. Ra1 Qb3 27. Bc2 Qb8
28. Qxb8 Rfxb8 29. Rc3 Rb2 30. Bd3 Rd2 31. Rca3 Rb8 32. Rf1 Rbb2 33. Bb1
1/2-1/2

[Event "XI GRAN TORNEO INTERNACIONAL AFICIONADOS"]
[Site "Benidorm (Alicante - SPAIN)"]
[Date "2012.12.08"]
[Round "10"]
[White "Ivanov, Borislav"]
[Black "Cantero, Antonio"]
[Result "1-0"]
[WhiteElo "2201"]
[BlackElo "2251"]
[PlyCount "73"]
[EventDate "2012.11.30"]
[EventRounds "10"]
[EventCountry "ESP"]

1. d4 d5 2. c4 e6 3. Nf3 Nf6 4. g3 Be7 5. Bg2 O-O 6. O-O dxc4 7. Qc2 a6 8. a4
Nc6 9. Qxc4 Qd5 10. Nbd2 Rd8 11. e3 Qh5 12. h3 Nd5 13. Qe2 Ndb4 14. Nc4 f6 15.
e4 Bd7 16. Bf4 Rac8 17. Rfe1 Be8 18. Rad1 Nxd4 19. Rxd4 Rxd4 20. Nxd4 Qxe2 21.
Nxe2 e5 22. Be3 Bxa4 23. Nc3 Nc2 24. Nd5 Bf8 25. Rc1 b5 26. Na5 Nxe3 27. Nxe3
c5 28. b3 Bxb3 29. Nxb3 c4 30. Bf1 Ra8 31. Nxc4 bxc4 32. Bxc4+ Kh8 33. Bd5 Rd8
34. Rc6 f5 35. Nc5 fxe4 36. Bxe4 Rd4 37. Rc8 1-0

[Event "XI GRAN TORNEO INTERNACIONAL AFICIONADOS"]
[Site "Benidorm (Alicante - SPAIN)"]
[Date "2012.12.08"]
[Round "10"]
[White "Dos Santos De Oliveira, Sancho"]
[Black "Mingarro Carceller, Sergi"]
[Result "1-0"]
[WhiteElo "2242"]
[BlackElo "2189"]
[PlyCount "119"]
[EventDate "2012.11.30"]
[EventRounds "10"]
[EventCountry "ESP"]

1. e4 e5 2. Nf3 Nc6 3. Bb5 a6 4. Ba4 Nf6 5. O-O Be7 6. Re1 b5 7. Bb3 d6 8. c3
O-O 9. h3 Nb8 10. d4 Nbd7 11. Nbd2 Bb7 12. Bc2 Re8 13. Nf1 Bf8 14. Ng3 g6 15.
a4 c5 16. d5 c4 17. Bg5 Be7 18. Qd2 Nc5 19. Ra3 Qc7 20. Nh4 Qd8 21. Nf3 Qc7 22.
Nh2 Qd8 23. Be3 Qc7 24. Rf1 Rab8 25. axb5 axb5 26. f4 exf4 27. Rxf4 Nfd7 28.
Rf1 Ne5 29. Bd4 Bc8 30. Qf4 Bf8 31. Nf3 Bg7 32. Qd2 Ncd7 33. Be3 Nxf3+ 34. gxf3
b4 35. Ra7 Rb7 36. Rxb7 Qxb7 37. Bh6 bxc3 38. bxc3 Nc5 39. Bxg7 Kxg7 40. Kh2
Qe7 41. Qd4+ Kg8 42. Nh5 Qe5+ 43. Qxe5 Rxe5 44. Ng3 Re7 45. Rb1 Rc7 46. Rb6 Nb7
47. Nf1 Kf8 48. Ne3 Ke7 49. Kg3 Nc5 50. e5 Nb7 51. f4 h6 52. h4 h5 53. Ba4 Bd7
54. Bc6 Bxc6 55. dxc6 Na5 56. Nd5+ Kd8 57. Rb8+ Rc8 58. c7+ Kd7 59. Rxc8 Kxc8
60. exd6 1-0

[Event "XI GRAN TORNEO INTERNACIONAL AFICIONADOS"]
[Site "Benidorm (Alicante - SPAIN)"]
[Date "2012.12.08"]
[Round "10"]
[White "Santagati, Alessandro"]
[Black "Jimenez Martinez, Jose Vicente"]
[Result "1-0"]
[WhiteElo "2210"]
[BlackElo "2233"]
[PlyCount "73"]
[EventDate "2012.11.30"]
[EventRounds "10"]
[EventCountry "ESP"]

1. e4 d6 2. d4 g6 3. Nc3 Bg7 4. Be3 a6 5. f4 b5 6. Nf3 Bb7 7. Bd3 Nd7 8. e5 e6
9. a4 b4 10. Ne4 Ne7 11. exd6 Nf5 12. dxc7 Qxc7 13. Bd2 O-O 14. Bxb4 Qxf4 15.
Bxf8 Rxf8 16. g3 Qc7 17. Qe2 Nxd4 18. Nxd4 Bxd4 19. c3 Bg7 20. Rf1 Ne5 21.
O-O-O Nxd3+ 22. Qxd3 Bd5 23. Nf6+ Bxf6 24. Rxf6 Bc4 25. Qd4 Qc6 26. Rf4 Bb3 27.
Rdf1 e5 28. Qxe5 Re8 29. Qd4 Qe6 30. Rxf7 Qe1+ 31. Rxe1 Rxe1+ 32. Kd2 Rd1+ 33.
Ke3 Rxd4 34. Rb7 Rxa4 35. Rxb3 a5 36. Ra3 Rxa3 37. bxa3 1-0

[Event "XI GRAN TORNEO INTERNACIONAL AFICIONADOS"]
[Site "Benidorm (Alicante - SPAIN)"]
[Date "2012.12.08"]
[Round "10"]
[White "Lorente Penalba, Diego"]
[Black "Voiteanu, Gabriel"]
[Result "0-1"]
[WhiteElo "2148"]
[BlackElo "2281"]
[PlyCount "138"]
[EventDate "2012.11.30"]
[EventRounds "10"]
[EventCountry "ESP"]

1. e4 e5 2. d4 exd4 3. Nf3 Nf6 4. e5 Ne4 5. Qxd4 d5 6. exd6 Nxd6 7. Nc3 Nc6 8.
Bb5 Nxb5 9. Qxd8+ Kxd8 10. Nxb5 a6 11. Nc3 Bd6 12. Be3 Re8 13. O-O-O Ke7 14.
Ne4 Be6 15. Rhe1 Rad8 16. Bc5 Bxc5 17. Nxc5 Rxd1+ 18. Kxd1 Rd8+ 19. Kc1 Rd5 20.
Nxe6 fxe6 21. c3 Kf6 22. Kc2 g5 23. Nd2 h6 24. Ne4+ Kf7 25. Re3 b6 26. Rf3+ Rf5
27. Rd3 Rd5 28. Rf3+ Rf5 29. Rd3 Ne5 30. Rd8 Ke7 31. Rd2 Ng4 32. h3 Ne5 33. b3
Ng6 34. Ng3 Rd5 35. Nf1 Nf4 36. Ne3 Rxd2+ 37. Kxd2 Kd6 38. a3 h5 39. a4 a5 40.
b4 c6 41. Nc4+ Kc7 42. bxa5 bxa5 43. g3 Nxh3 44. Ke3 h4 45. Nxa5 Ng1 46. gxh4
gxh4 47. Kf4 Nh3+ 48. Kf3 Ng5+ 49. Kg2 Ne4 50. Nc4 Nxc3 51. a5 Ne4 52. Kh3
Nxf2+ 53. Kxh4 Ne4 54. Kg4 Nd6 55. Nb6 e5 56. Kf3 c5 57. Ke3 Kc6 58. Na4 Kb5
59. Nb6 Kxa5 60. Nd7 Kb4 61. Kd2 e4 62. Nf6 c4 63. Kc2 Kc5 64. Kc3 Nb5+ 65. Kc2
Kd4 66. Nh5 e3 67. Nf4 Ke4 68. Ng2 Kf3 69. Ne1+ Kf2 0-1

[Event "XI GRAN TORNEO INTERNACIONAL AFICIONADOS"]
[Site "Benidorm (Alicante - SPAIN)"]
[Date "2012.12.08"]
[Round "10"]
[White "Ibarra Jerez, Juan Miguel"]
[Black "Goormachtigh, Johan"]
[Result "1-0"]
[WhiteElo "2278"]
[BlackElo "2187"]
[PlyCount "59"]
[EventDate "2012.11.30"]
[EventRounds "10"]
[EventCountry "ESP"]

1. e4 c5 2. Nf3 e6 3. d4 cxd4 4. Nxd4 Nc6 5. Nc3 Qc7 6. Be3 a6 7. Qd2 Nf6 8.
O-O-O Be7 9. f3 O-O 10. g4 b5 11. g5 Nh5 12. Nce2 Rd8 13. Ng3 Nxd4 14. Qxd4 Nf4
15. Kb1 Bb7 16. Bxf4 Qxf4 17. Nh5 e5 18. Qf2 Qxg5 19. Nxg7 Qxg7 20. Rg1 Bg5 21.
h4 h6 22. Bh3 Qf6 23. hxg5 hxg5 24. Qd2 d6 25. Rxg5+ Kf8 26. Rf5 Qg7 27. Rg5
Qf6 28. Rdg1 Qf4 29. Rg8+ Ke7 30. Qa5 1-0

[Event "XI GRAN TORNEO INTERNACIONAL AFICIONADOS"]
[Site "Benidorm (Alicante - SPAIN)"]
[Date "2012.12.08"]
[Round "10"]
[White "Pavon Cardenas, Jesus M"]
[Black "Cano Gimenez, Vicente"]
[Result "1/2-1/2"]
[WhiteElo "2274"]
[BlackElo "2213"]
[PlyCount "66"]
[EventDate "2012.11.30"]
[EventRounds "10"]
[EventCountry "ESP"]

1. e4 c5 2. Nc3 Nc6 3. g3 g6 4. Bg2 Bg7 5. d3 d6 6. Be3 Rb8 7. a4 a6 8. Nge2
Nd4 9. Qd2 b5 10. axb5 axb5 11. O-O b4 12. Nd1 e6 13. Nc1 Ne7 14. c3 bxc3 15.
bxc3 Ndc6 16. d4 cxd4 17. cxd4 O-O 18. Ne2 d5 19. Ndc3 dxe4 20. Nxe4 Nd5 21.
Bh6 Nce7 22. Bxg7 Kxg7 23. Nc5 Bd7 24. Ra7 Bc6 25. Qg5 Kg8 26. Qe5 Ra8 27. Raa1
Rxa1 28. Rxa1 Qb8 29. Qg5 Qb2 30. Re1 Bb5 31. Qe5 Bxe2 32. Rxe2 Qb8 33. Qxb8
Rxb8 1/2-1/2

[Event "XI GRAN TORNEO INTERNACIONAL AFICIONADOS"]
[Site "Benidorm (Alicante - SPAIN)"]
[Date "2012.12.08"]
[Round "10"]
[White "Hristodorescu, Daniel"]
[Black "Bajo Gutierrez, Ignacio"]
[Result "1/2-1/2"]
[WhiteElo "2223"]
[BlackElo "2252"]
[PlyCount "20"]
[EventDate "2012.11.30"]
[EventRounds "10"]
[EventCountry "ESP"]

1. e4 e6 2. d4 d5 3. exd5 exd5 4. Bd3 Nc6 5. c3 Bd6 6. Qf3 Be6 7. Ne2 Nge7 8.
O-O Qd7 9. Bf4 O-O-O 10. Bxd6 Qxd6 1/2-1/2

[Event "XI GRAN TORNEO INTERNACIONAL AFICIONADOS"]
[Site "Benidorm (Alicante - SPAIN)"]
[Date "2012.12.08"]
[Round "10"]
[White "Bas Mas, Jose Joaquin"]
[Black "Lopez Del Alamo, Antonio"]
[Result "0-1"]
[WhiteElo "2218"]
[BlackElo "2241"]
[PlyCount "32"]
[EventDate "2012.11.30"]
[EventRounds "10"]
[EventCountry "ESP"]

1. e4 e5 2. Nf3 Nc6 3. Bc4 Nf6 4. Ng5 d5 5. exd5 Na5 6. Bb5+ Bd7 7. Qe2 Be7 8.
O-O O-O 9. Bxd7 Qxd7 10. d3 Nxd5 11. Nf3 Nc6 12. Nxe5 Qe6 13. Re1 Bb4 14. c3
Rae8 15. cxb4 Nxe5 16. Kf1 Nxd3 0-1

[Event "XI GRAN TORNEO INTERNACIONAL AFICIONADOS"]
[Site "Benidorm (Alicante - SPAIN)"]
[Date "2012.12.08"]
[Round "10"]
[White "Villasenor Rubio, Emilio Jose"]
[Black "Serna Lara, Sergio"]
[Result "1/2-1/2"]
[WhiteElo "2217"]
[BlackElo "2230"]
[PlyCount "26"]
[EventDate "2012.11.30"]
[EventRounds "10"]
[EventCountry "ESP"]

1. e4 c5 2. d4 cxd4 3. c3 Nf6 4. e5 Nd5 5. Nf3 Nc6 6. Bc4 Nb6 7. Bb3 d5 8. cxd4
Bg4 9. Be3 e6 10. O-O Be7 11. Nbd2 Rc8 12. Qe2 Bf5 13. Rfc1 O-O 1/2-1/2

[Event "XI GRAN TORNEO INTERNACIONAL AFICIONADOS"]
[Site "Benidorm (Alicante - SPAIN)"]
[Date "2012.12.08"]
[Round "10"]
[White "Gallardo Fernandez, Cesar"]
[Black "Cruz Lledo, Pablo"]
[Result "1/2-1/2"]
[WhiteElo "2201"]
[BlackElo "2281"]
[PlyCount "24"]
[EventDate "2012.11.30"]
[EventRounds "10"]
[EventCountry "ESP"]

1. e4 d5 2. d3 dxe4 3. dxe4 Qxd1+ 4. Kxd1 Nc6 5. c3 f5 6. Nd2 Nf6 7. Bd3 Ne5 8.
Bc2 fxe4 9. Nxe4 Bg4+ 10. f3 O-O-O+ 11. Ke2 Be6 12. b3 Nxe4 1/2-1/2

[Event "XI GRAN TORNEO INTERNACIONAL AFICIONADOS"]
[Site "Benidorm (Alicante - SPAIN)"]
[Date "2012.12.08"]
[Round "10"]
[White "Jordan Martinez, Miguel"]
[Black "Bendayan Claros, Aaron"]
[Result "1/2-1/2"]
[WhiteElo "2147"]
[BlackElo "2223"]
[PlyCount "21"]
[EventDate "2012.11.30"]
[EventRounds "10"]
[EventCountry "ESP"]

1. d4 c5 2. e3 e6 3. Nf3 Nf6 4. Be2 b6 5. O-O Bb7 6. b3 d6 7. Bb2 Be7 8. c4
Nbd7 9. Nc3 a6 10. Qc2 O-O 11. Rad1 1/2-1/2

[Event "XI GRAN TORNEO INTERNACIONAL AFICIONADOS"]
[Site "Benidorm (Alicante - SPAIN)"]
[Date "2012.12.08"]
[Round "10"]
[White "Bonte, Andrei-Mihai"]
[Black "Fuertes Romo, Jose Manuel"]
[Result "1-0"]
[WhiteElo "2297"]
[BlackElo "2033"]
[PlyCount "33"]
[EventDate "2012.11.30"]
[EventRounds "10"]
[EventCountry "ESP"]

1. d4 Nf6 2. Nf3 d5 3. c4 c6 4. Nc3 a6 5. Qb3 g6 6. cxd5 Nxd5 7. e4 Nxc3 8.
bxc3 Bg7 9. Be2 O-O 10. O-O Qc7 11. a4 a5 12. Ba3 Na6 13. Rab1 Qf4 14. Rfe1 Re8
15. Bc4 Nc7 16. Bc1 Qf6 17. Bg5 1-0

[Event "XI GRAN TORNEO INTERNACIONAL AFICIONADOS"]
[Site "Benidorm (Alicante - SPAIN)"]
[Date "2012.12.08"]
[Round "10"]
[White "Lloret Ramis, Juan Jose"]
[Black "Tejero Royo, Fermin"]
[Result "1-0"]
[WhiteElo "2285"]
[BlackElo "2133"]
[PlyCount "45"]
[EventDate "2012.11.30"]
[EventRounds "10"]
[EventCountry "ESP"]

1. d4 d5 2. c4 e6 3. Nc3 Nf6 4. Nf3 Be7 5. Bf4 O-O 6. e3 a6 7. Qc2 c5 8. dxc5
Bxc5 9. Rd1 Qa5 10. Nd2 Bb4 11. Bd3 Bxc3 12. bxc3 e5 13. Bxe5 Nbd7 14. Bd4 dxc4
15. Nxc4 Qc7 16. O-O b5 17. Nd2 Bb7 18. Ne4 Ng4 19. f4 Rae8 20. h3 f5 21. Ng5
Nh6 22. Qb3+ Kh8 23. Ne6 1-0

[Event "XI GRAN TORNEO INTERNACIONAL AFICIONADOS"]
[Site "Benidorm (Alicante - SPAIN)"]
[Date "2012.12.08"]
[Round "10"]
[White "Spitzer Isbert, Ramon"]
[Black "Martinez Tormo, Jorge"]
[Result "0-1"]
[WhiteElo "2075"]
[BlackElo "2155"]
[PlyCount "40"]
[EventDate "2012.11.30"]
[EventRounds "10"]
[EventCountry "ESP"]

1. e4 e5 2. Nf3 d6 3. d4 Nd7 4. Bc4 c6 5. O-O Be7 6. dxe5 dxe5 7. Ng5 Bxg5 8.
Qh5 Qe7 9. Bxg5 Ngf6 10. Qh4 O-O 11. a4 h6 12. Bd2 Nc5 13. Re1 Re8 14. Bxh6
gxh6 15. Qxh6 Ng4 16. Qg6+ Kf8 17. Qh5 Qf6 18. Nd2 Ke7 19. Qh3 Qxf2+ 20. Kh1
Qxe1+ 0-1

[Event "XI GRAN TORNEO INTERNACIONAL AFICIONADOS"]
[Site "Benidorm (Alicante - SPAIN)"]
[Date "2012.12.08"]
[Round "10"]
[White "Benitez Fernandez, Martin Jesu"]
[Black "Shen, Yue"]
[Result "0-1"]
[WhiteElo "2026"]
[BlackElo "2137"]
[PlyCount "40"]
[EventDate "2012.11.30"]
[EventRounds "10"]
[EventCountry "ESP"]

1. e4 c6 2. d4 d5 3. f3 dxe4 4. Be3 exf3 5. Nxf3 Bg4 6. Bd3 Nf6 7. Nbd2 Nd5 8.
Qe2 Nd7 9. Nc4 e6 10. O-O-O Nb4 11. Rde1 Nxa2+ 12. Kb1 Nb4 13. c3 Nxd3 14. Qxd3
Nc5 15. Qc2 Be7 16. dxc5 Bf5 17. Nd6+ Bxd6 18. Qxf5 exf5 19. Bg5+ Be7 20. Bxe7
Qxe7 0-1

[Event "XI GRAN TORNEO INTERNACIONAL AFICIONADOS"]
[Site "Benidorm (Alicante - SPAIN)"]
[Date "2012.12.08"]
[Round "10"]
[White "Donado-Mazarron Gomez, Miguel"]
[Black "Pena Riasco, Alexander"]
[Result "1-0"]
[WhiteElo "2072"]
[BlackElo "2176"]
[PlyCount "37"]
[EventDate "2012.11.30"]
[EventRounds "10"]
[EventCountry "ESP"]

1. e4 d5 2. exd5 Qxd5 3. Nc3 Qa5 4. Bc4 Nf6 5. Nge2 e6 6. O-O c6 7. d3 Bd6 8.
Ng3 Qc7 9. f4 Nbd7 10. Nce4 g6 11. Nxd6+ Qxd6 12. Qe2 Rb8 13. Ne4 Qc7 14. Ng5
Nb6 15. b3 h6 16. Bb2 Qe7 17. Ne4 Nbd7 18. Nxf6+ Nxf6 19. Qe5 1-0

[Event "XI GRAN TORNEO INTERNACIONAL AFICIONADOS"]
[Site "Benidorm (Alicante - SPAIN)"]
[Date "2012.12.08"]
[Round "10"]
[White "Gonzalez Aguirre, Luis"]
[Black "Pique Safont, Joan Manel"]
[Result "1/2-1/2"]
[WhiteElo "2110"]
[BlackElo "2017"]
[PlyCount "38"]
[EventDate "2012.11.30"]
[EventRounds "10"]
[EventCountry "ESP"]

1. e4 d5 2. exd5 Qxd5 3. Nc3 Qa5 4. d4 Nf6 5. Bc4 c6 6. Nf3 Bf5 7. Bd2 e6 8.
Nd5 Qd8 9. Nxf6+ gxf6 10. Qe2 Be7 11. O-O-O Nd7 12. Nh4 Bg6 13. g3 Nb6 14. Bb3
Qd7 15. Kb1 O-O-O 16. Bc1 Nd5 17. f4 f5 18. Bxd5 exd5 19. Ng2 Rhe8 1/2-1/2